Refranes Españoles Aleatorios - Estadísticas

Estadísticas generales
  • Esta prueba ha sido intentada 9.777 veces
    8.464 desde el último reinicio
  • La puntuación promedio es 15 de 21
Estadísticas de respuestas
Refrán % Correcto
El que ríe último, {ríe} {mejor}
98%
Hoy por ti, {mañana} {por} {mí}
98%
Lo barato sale {caro}
98%
Más vale estar solo que {mal} {acompañado}
98%
Más vale tarde que {nunca}
98%
Ojos que no ven, {corazón} {que} {no} {siente}
98%
De tal palo, {tal} {astilla}
97%
Ojo por ojo, {diente} {por} {diente}
97%
Quien no arriesga, {no} {gana}
97%
A quién madruga {Dios} {le} {ayuda}
95%
El que busca, {encuentra}
95%
Donde hubo fuego, siempre quedan {cenizas}
94%
Más vale prevenir que {curar}
94%
No hay mal que {por} {bien} {no} {venga}
93%
Perro ladrador, poco {mordedor}
93%
A caballo regalado no le mires el {diente}
92%
Un clavo saca {otro} {clavo}
91%
A la tercera {va} {la} {vencida}
90%
Al mal tiempo, {buena} {cara}
90%
A palabras necias, {oídos} {sordos}
90%
Año nuevo, {vida} {nueva}
89%
Santa Rita, Rita, lo que se da {no} {se} {quita}
89%
Aunque la mona se vista de seda, {mona} {se} {queda}
88%
No hay más ciego que {el} {que} {no} {quiere} {ver}
88%
A lo hecho, {pecho}
87%
En abril {aguas} {mil}
87%
Tira la piedra y {esconde} {la} {mano}
87%
Hierba mala {nunca} {muere}
86%
Se dice el pecado pero no {el} {pecador}
86%
Cada loco con su {tema}
85%
Más sabe el diablo por viejo que {por} {diablo}
85%
Siempre pagan justos por {pecadores}
85%
Zapatero a sus {zapatos}
85%
El {fin} justifica los medios
84%
La práctica hace al {maestro}
84%
Dime con quién andas y {te} {diré} {quién} {eres}
83%
En boca cerrada {no} {entran} {moscas}
83%
Más vale {malo} {conocido} que lo bueno por conocer
83%
Cuando el río suena, {agua} {lleva}
82%
Juan Palomo, yo me lo guiso y {yo} {me} {lo} {como}
81%
Más vale maña que {fuerza}
80%
Dios aprieta pero no {ahorca}
79%
Éramos pocos y {parió} {la} {abuela}
79%
Es peor el remedio que {la} {enfermedad}
79%
La cabra tira al {monte}
79%
Piensa el ladrón que todos son {de} {su} {condición}
79%
El que tiene boca, {se} {equivoca}
78%
Le dijo la sartén al {cazo}
78%
No es oro todo lo que {reluce}
78%
Del dicho al hecho {hay} {un} {trecho}
77%
El saber no ocupa {lugar}
77%
Más vale pájaro en mano que {ciento} {volando}
77%
El burro delante para que no se {espante}
74%
Dios los cría y {ellos} {se} {juntan}
73%
Vísteme despacio que {tengo} {prisa}
73%
La {avaricia} rompe el saco
72%
Las cosas de palacio {van} {despacio}
72%
Cree el ladrón que {todos} {son} {de} {su} {condición}
71%
Cada maestrillo tiene {su} {librillo}
69%
Cada mochuelo a su {olivo}
68%
Cría cuervos y {te} {sacarán} {los} {ojos}
68%
Quien tiene un amigo, tiene un {tesoro}
68%
Cada uno en su casa y Dios {en} {la} {de} {todos}
66%
Las {apariencias} engañan
66%
El que las hace, {las} {paga}
65%
La excepción hace {la} {regla}
65%
En casa del herrero, {cuchillo} {de} {palo}
64%
Sarna con gusto {no} {pica}
64%
Mucho ruido y {pocas} {nueces}
63%
A buenas horas, {mangas} {verdes}
62%
El que algo quiere {algo} {le} {cuesta}
61%
Nunca falta un roto para {un} {descosido}
61%
A cada cerdo le llega su {San} {Martín}
60%
Por {el} {interés} te quiero, Andrés
60%
Hasta el {cuarenta} {de} {mayo} no te quites el sayo
59%
Quien mucho abarca {poco} {aprieta}
59%
Cada oveja {con} {su} {pareja}
55%
En {martes}, ni te cases ni te embarques
54%
Hombre precavido {vale} {por} {dos}
54%
A buen entendedor, {pocas} {palabras} {bastan}
53%
A rey muerto, {rey} {puesto}
53%
El hábito no hace al {monje}
53%
Cuando marzo mayea, {mayo} {marcea}
50%
Mal de muchos, {consuelo} {de} {tontos}
49%
No es más rico quien más tiene sino el que {menos} {necesita}
49%
Donde hay patrón, no manda {marinero}
48%
No se hizo {la} {miel} para la boca del asno
47%
A falta de pan, buenas son {tortas}
44%
No por mucho madrugar {amanece} {más} {temprano}
44%
El que siembra viento, {cosecha} {tempestades}
39%
Quien se pica, {ajos} {come}
39%
Nunca llueve {a} {gusto} {de} {todos}
38%
Unos por otros y la casa sin {barrer}
38%
Los árboles no dejan ver {el} {bosque}
36%
Quien da primero, da {dos} {veces}
31%
Caballo grande, {ande} {o} {no} {ande}
29%
No todo el monte es {orégano}
29%
A río revuelto, {ganancia} {de} {pescadores}
20%
Haz el bien {sin} {mirar} {a} {quién}
17%
Amor con hambre {no} {dura}
11%
Cuando hay frutas en la huerta, hay {amigos} {en} {la} {puerta}
9%
No las hagas y {no} {las} {temas}
8%
No se encontraron pruebas coincidentes
Distribución de puntuación
Porcentaje de gente con cada puntuación
Porcentaje por número respondido
Historial de tus puntuaciones
No has intentado esta prueba desde el último reinicio